Agricultural Economics (Record no. 2182)

MARC details
000 -LEADER
fixed length control field 00344nam a22001457a 4500
008 - FIXED-LENGTH DATA ELEMENTS--GENERAL INFORMATION
fixed length control field 250307b |||||||| |||| 00| 0 eng d
020 ## - INTERNATIONAL STANDARD BOOK NUMBER
ISBN 0130474525
100 ## - MAIN ENTRY--AUTHOR
Author DRUMMOND, Evan H.
245 ## - TITLE STATEMENT
Title Agricultural Economics
250 ## - EDITION STATEMENT
Edition statement 2nd
260 ## - PUBLICATION, DISTRIBUTION, ETC. (IMPRINT)
Place of publication U.S.A
Name of publisher Prentice-Hall
Date of publication 2004
300 ## - COLLATION
Pagination xii, 449p.
942 ## - ADDED ENTRY ELEMENTS (KOHA)
Item type Books
050 ## - LIBRARY OF CONGRESS CALL NUMBER
Classification number HD1433
Item number .D78
Holdings
Source of classification or shelving scheme Not for loan Permanent location Current location Date acquired Accession No. Full call number Barcode. Koha item type
Library of Congress Classification   Samuel Ogbemudia Main Library, University of Abuja Samuel Ogbemudia Main Library, University of Abuja 03/07/2025 2011/41353 HD1433.D78 2025-0415 Books
Library of Congress Classification   Samuel Ogbemudia Main Library, University of Abuja Samuel Ogbemudia Main Library, University of Abuja 03/07/2025 2011/41353 HD1433.D78 2025-0416 Books
Library of Congress Classification   Samuel Ogbemudia Main Library, University of Abuja Samuel Ogbemudia Main Library, University of Abuja 03/07/2025 2011/41353 HD1433.D78 2025-0417 Books